LEADER 00855nam0-22002891i-450 001 990001701270403321 005 20190529131355.0 035 $a000170127 035 $aFED01000170127 035 $a(Aleph)000170127FED01 035 $a000170127 100 $a20030910d1978----km-y0itay50------ba 101 0 $aita 200 1 $aAspetti tecnici ed economici della raccolta meccanica delle ciliege 210 $aVerona$c...$d1978 215 $ap. 2349-2377$d30 cm 300 $aEstr. da: L'Informatore agrario, n.28,1978. 610 0 $aMacchine raccoglitrici 610 0 $aCiliege 676 $a631.35 801 0$aIT$bUNINA$gRICA$2UNIMARC 901 $aLG 912 $a990001701270403321 952 $a60 OP. 117/16$b47725$fFAGBC 959 $aFAGBC 996 $aAspetti tecnici ed economici della raccolta meccanica delle ciliege$9362388 997 $aUNINA LEADER 02872nam 2200625 450 001 9910811885003321 005 20200331153709.0 010 $a1-64189-905-0 010 $a1-942401-32-9 024 7 $a10.1515/9781942401322 035 $a(CKB)4340000000210564 035 $a(MiAaPQ)EBC5114406 035 $a(MiAaPQ)EBC6034228 035 $a(DE-B1597)546814 035 $a(DE-B1597)9781942401322 035 $a(UkCbUP)CR9781942401322 035 $a(OCoLC)1008775120 035 $a(Au-PeEL)EBL6034228 035 $a(PPN)231480385 035 $a(EXLCZ)994340000000210564 100 $a20200331d2017 uy 0 101 0 $aeng 135 $aur||||||||||| 181 $ctxt$2rdacontent 182 $cc$2rdamedia 183 $acr$2rdacarrier 200 14$aThe Kingdom of Rus' /$fChristian Raffensperger 210 1$aKalamazoo, Michigan ;$aBradford, [England] :$cARC Humanities Press,$d2017. 215 $a1 online resource (xix, 97 pages) $cdigital, PDF file(s) 225 1 $aPast imperfect 300 $aTitle from publisher's bibliographic system (viewed on 15 Jan 2021). 311 $a1-942401-31-0 320 $aIncludes bibliographical references. 327 $aIntroduction : the problem with names -- The place of Rus' in medieval Europe -- The historiography of the translation of kniaz' -- Titulature and medieval rulers -- What was a kniaz'? -- Medieval titulature and Rus' -- Titles for other medieval rulers in Rusian sources -- Conclusion : consequences and resolutions. 330 $aAs scholarship continues to expand the idea of medieval Europe beyond 'the West,' the Rus' remain the final frontier relegated to the European periphery. The Kingdom of Rus' challenges the perception of Rus' as an eastern 'other' - advancing the idea of the Rus' as a kingdom deeply integrated with medieval Europe, through an innovative analysis of medieval titles. Examining a wide range of medieval sources, this book exposes the common practice in scholarship of referring to Rusian rulers as princes as a relic of early modern attempts to diminish the Rus'. Not only was Rus' part and parcel of medieval Europe, but in the eleventh and twelfth centuries Rus' was the largest kingdom in Christendom. 410 0$aPast imperfect (ARC Humanities Press) 606 $aNobility$zKyivan Rus 607 $aKyivan Rus$xKings and rulers$xHistory 607 $aKyivan Rus$xRelations$zEurope 607 $aEurope$xRelations$zKyivan Rus 610 $aKiev. 610 $aKingship. 610 $aMedieval Europe. 610 $aRus'. 610 $aRussia. 615 0$aNobility 676 $a947/.02 700 $aRaffensperger$b Christian$01666310 801 0$bMiAaPQ 801 1$bMiAaPQ 801 2$bMiAaPQ 906 $aBOOK 912 $a9910811885003321 996 $aThe Kingdom of Rus$94025696 997 $aUNINA LEADER 03046nam 22006615 450 001 9910484722403321 005 20251202142601.0 010 $a9781484269695 010 $a1484269691 024 7 $a10.1007/978-1-4842-6969-5 035 $a(CKB)4100000011881156 035 $a(MiAaPQ)EBC6543725 035 $a(Au-PeEL)EBL6543725 035 $a(OCoLC)1245925153 035 $a(CaSebORM)9781484269695 035 $a(PPN)255295928 035 $a(Perlego)4513747 035 $a(DE-He213)978-1-4842-6969-5 035 $a(EXLCZ)994100000011881156 100 $a20210408d2021 u| 0 101 0 $aeng 135 $aurcnu|||||||| 181 $ctxt$2rdacontent 182 $cc$2rdamedia 183 $acr$2rdacarrier 200 10$aIntroducing Blockchain with Lisp $eImplement and Extend Blockchains with the Racket Language /$fby Boro Sitnikovski 205 $a1st ed. 2021. 210 1$aBerkeley, CA :$cApress :$cImprint: Apress,$d2021. 215 $a1 online resource (151 pages) 311 08$a9781484269688 311 08$a1484269683 327 $a1: Introduction to Blockchain -- 2: Racket Programming Language -- 3: Blockchain Implementation -- 4: Extending the Blockchain -- Conclusion -- Further Reading -- Appendix A: Macros. 330 $aImplement blockchain from scratch covering all the details with Racket, a general-purpose Lisp. You'll start by exploring what a blockchain is, so you have a solid foundation for the rest of the book. You'll then be ready to learn Racket before starting on your blockchain implementation. Once you have a working blockchain, you'll move onto extending it. The book's appendices provide supporting resources to help you in your blockchain projects. The recommended approach for the book is to follow along and write the code as it?s being explained instead of reading passively. This way you will get the most out of it. All of the source code is available for free download from GitHub. You will: Discover the Racket programming language and how to use it Implement a blockchain from scratch using Lisp Implement smart contracts and peer-to-peer support Learn how to use macros to employ more general abstractions. 606 $aBlockchains (Databases) 606 $aLISP (Computer program language) 606 $aProgramming languages (Electronic computers) 606 $aComputer science 606 $aBlockchain 606 $aLisp 606 $aProgramming Language 606 $aComputer Science 615 0$aBlockchains (Databases) 615 0$aLISP (Computer program language) 615 0$aProgramming languages (Electronic computers) 615 0$aComputer science. 615 14$aBlockchain. 615 24$aLisp. 615 24$aProgramming Language. 615 24$aComputer Science. 676 $a005.74 700 $aSitnikovski$b Boro$0847871 801 0$bMiAaPQ 801 1$bMiAaPQ 801 2$bMiAaPQ 906 $aBOOK 912 $a9910484722403321 996 $aIntroducing blockchain with Lisp$91893558 997 $aUNINA